Social Science research capacity in South Asia (Record no. 3315)

MARC details
000 -LEADER
fixed length control field 00617nam a2200157 4500
008 - FIXED-LENGTH DATA ELEMENTS--GENERAL INFORMATION
fixed length control field 230830b |||||||| |||| 00| 0 eng d
082 ## - DEWEY DECIMAL CLASSIFICATION NUMBER
Classification number 300.72
Item number SOC
942 ## - ADDED ENTRY ELEMENTS (KOHA)
Item Type Reports
700 ## - ADDED ENTRY--PERSONAL NAME
Personal name Chatterjee, Partha
245 ## - TITLE STATEMENT
Title Social Science research capacity in South Asia
260 ## - PUBLICATION, DISTRIBUTION, ETC. (IMPRINT)
Place of Publication New York:
Name of Publisher Social Science research council,
Date of Copyright 2002
300 ## - PHYSICAL DESCRIPTION
Extent 160 p.
Physical Details Bibliography included
440 ## - SERIES STATEMENT/ADDED ENTRY--TITLE
Title SSRC working paper
Volume 6
856 ## - ELECTRONIC LOCATION AND ACCESS
Uniform Resource Identifier <a href="http://www.unipune.ac.in/snc/cssh/historysociology/A%20DOCUMENTS%20ON%20HISTORY%20OF%20SOCIOLOGY%20IN%20INDIA/A%209%20On%20sociology%20research/A%209%2016.pdf">http://www.unipune.ac.in/snc/cssh/historysociology/A%20DOCUMENTS%20ON%20HISTORY%20OF%20SOCIOLOGY%20IN%20INDIA/A%209%20On%20sociology%20research/A%209%2016.pdf</a>
650 ## - SUBJECT ADDED ENTRY--TOPICAL TERM
Topical Term RESEARCH-Social Sciences
Holdings
Withdrawn status Lost status Source of classification or shelving scheme Damaged status Not for loan Permanent location Current location Date acquired Total Checkouts Full call number Barcode Date last seen Price effective from Koha item type
    Dewey Decimal Classification     Resource center, Muslim Women's Research And Action Forum Resource center, Muslim Women's Research And Action Forum 2023-08-30   300.72 SOC RAF421 2023-08-30 2023-08-30 Reports

Copyright © 2023 Muslim Women's Research and Action Forum (MWRAF), No 27/3, Anderson Road, Kalubowila, Dehiwela. Funded by The Asia Fundation